Statistiques concernant Pokémon - Les attaques de Grodrive

Cliquez ici pour prendre le quiz!

Statistiques générales

  • Ce quiz a été pris 9 fois
  • Le résultat moyen est 9 sur 17

Statistiques - réponses

NiveauxTypesNoms des attaques% Correct
Niveau 20SpectreBall'Ombre
100%
Niveau 24NormalStockage
100%
Niveau 24NormalAvale
80%
Niveau 24NormalRelâche
80%
Niveau 16SpectreChâtiment
60%
DépartSpectreÉtonnement
60%
Niveau 54NormalExplosion
60%
Départ
Évolution
SpectreHantise
60%
Niveau 36SpectreLien du Destin
60%
Niveau 12TénèbresReprésailles
60%
DépartVolTornade
60%
Niveau 48VolVent Arrière
60%
Niveau 31NormalDestruction
40%
DépartNormalLilliput
40%
DépartPlanteVole-Force
20%
DépartNormalPuissance
0%
Niveau 42NormalRelais
0%

Distribution des résultats

Percentile par nombre de réponses

% des personnes avec chaque résultat

Votre développement - résultats

Vous n’avez pas pris ce quiz